Państwa świata z mapą bez granic - Statystyki

Ogólne statystyki
  • Ten quiz został rozwiązany 4 380 razy
    4 340 od ostatniego zresetowania
  • Średni wynik to 150 z 196
Odpowiedzi na mapie
Odpowiedzi zakodowano w zielono-czerwonej skali na mapie do tego quizu, zgodnie z poniższymi procentami.
 
Statystyki odpowiedzi
Państwo % Poprawnych
Stany Zjednoczone
95%
Kanada
94%
Polska
93%
Meksyk
92%
Rosja
92%
Brazylia
91%
Francja
91%
Niemcy
91%
Dania
90%
Hiszpania
90%
Litwa
90%
Portugalia
90%
Ukraina
90%
Wielka Brytania
90%
Włochy
90%
Austria
89%
Białoruś
89%
Chiny
89%
Czechy
89%
Estonia
89%
Finlandia
89%
Irlandia
89%
Islandia
89%
Łotwa
89%
Norwegia
89%
Słowacja
89%
Szwecja
89%
Argentyna
88%
Australia
88%
Belgia
88%
Chorwacja
88%
Grecja
88%
Holandia
88%
Słowenia
88%
Szwajcaria
88%
Turcja
88%
Chile
87%
Egipt
87%
Indie
87%
Japonia
87%
Rumunia
87%
Węgry
87%
Albania
86%
Bośnia i Hercegowina
86%
Bułgaria
86%
Kazachstan
86%
Korea Północna
86%
Korea Południowa
86%
Kuba
86%
Arabia Saudyjska
85%
Irak
85%
Iran
85%
Madagaskar
85%
Mongolia
85%
Peru
85%
Republika Południowej Afryki
85%
Serbia
85%
Czarnogóra
84%
Kolumbia
84%
Kosowo
84%
Macedonia Północna
84%
Maroko
84%
Mołdawia
84%
Urugwaj
84%
Izrael
83%
Luksemburg
83%
Nowa Zelandia
83%
Oman
83%
Watykan
83%
Wenezuela
83%
Algieria
82%
Boliwia
82%
Cypr
82%
Dominika
82%
Gruzja
82%
Indonezja
82%
Niger
82%
Panama
82%
Andora
81%
Demokratyczna Republika Konga
81%
Liechtenstein
81%
Malta
81%
Paragwaj
81%
Tunezja
81%
Zjednoczone Emiraty Arabskie
81%
Dominikana
80%
Filipiny
80%
Jemen
80%
Nigeria
80%
Pakistan
80%
San Marino
80%
Tajlandia
80%
Wietnam
80%
Afganistan
79%
Armenia
79%
Azerbejdżan
79%
Ekwador
79%
Libia
79%
Sudan
79%
Kongo
78%
Monako
78%
Nepal
78%
Tadżykistan
78%
Uzbekistan
78%
Haiti
77%
Katar
77%
Syria
77%
Turkmenistan
77%
Czad
76%
Etiopia
76%
Jordania
76%
Kirgistan
76%
Malezja
76%
Papua-Nowa Gwinea
76%
Somalia
76%
Sri Lanka
76%
Gujana
75%
Kenia
75%
Liban
75%
Tajwan
75%
Bangladesz
74%
Honduras
74%
Jamajka
74%
Laos
74%
Sudan Południowy
74%
Bhutan
73%
Gwinea
73%
Kambodża
73%
Kostaryka
73%
Surinam
73%
Angola
72%
Gwatemala
72%
Mali
72%
Mjanma
72%
Senegal
72%
Kuwejt
71%
Nikaragua
70%
Wybrzeże Kości Słoniowej
70%
Zambia
70%
Belize
69%
Erytrea
69%
Lesotho
69%
Salwador
69%
Bahamy
68%
Ghana
68%
Mauretania
68%
Republika Środkowoafrykańska
68%
Tanzania
68%
Togo
68%
Zimbabwe
68%
Gwinea Równikowa
67%
Malediwy
67%
Republika Zielonego Przylądka
67%
Bahrajn
66%
Botswana
66%
Mozambik
66%
Seszele
66%
Uganda
66%
Fidżi
65%
Kamerun
65%
Liberia
65%
Mikronezja
65%
Namibia
65%
Gwinea Bissau
64%
Rwanda
64%
Singapur
64%
Wyspy Świętego Tomasza i Książęca
64%
Dżibuti
63%
Eswatini
63%
Gambia
63%
Burkina Faso
62%
Gabon
62%
Wyspy Marshalla
62%
Benin
61%
Antigua i Barbuda
60%
Barbados
60%
Brunei
60%
Kiribati
60%
Mauritius
60%
Palau
60%
Saint Lucia
60%
Timor Wschodni
60%
Trynidad i Tobago
60%
Vanuatu
60%
Wyspy Salomona
60%
Malawi
59%
Komory
58%
Sierra Leone
58%
Tuvalu
58%
Burundi
57%
Nauru
57%
Saint Kitts i Nevis
57%
Saint Vincent i Grenadyny
57%
Samoa
57%
Tonga
56%
Grenada
52%
Nie znaleziono quizów pasujących do podanych kryteriów
Rozkład punktacji
Procent ludzi z każdym wynikiem
Percentyl według liczby udzielonych odpowiedzi
Twoja historia wyników
Nie rozwiązałeś tego quizu od ostatniego zresetowania